| 000 | 01348nac a22003011u 4500 | ||
|---|---|---|---|
| 010 | _a 2003041167 | ||
| 020 | _a0470852771 (pbk.) | ||
| 082 | 0 | 0 |
_a332.632044 _bMAR |
| 090 |
_c5305 _d5305 |
||
| 100 | _aMartellini, Lionel. | ||
| 245 | 1 | 0 |
_aFixed-income securities : _bvaluation, risk management, and portfolio strategies / _cLionel Martellini, Philippe Priaulet, and SteÌ?phane Priaulet. |
| 260 |
_aChichester, England ; _aHoboken, N.J. : _bWiley,2003 _cc2003. |
||
| 300 |
_axxix, 631 p. : _bill. ; _c25 cm. |
||
| 440 | 0 | _aWiley finance series | |
| 500 | _adistributer: Al-Ahram | ||
| 504 | _aIncludes bibliographical references and indexes. | ||
| 511 | _acatalogued by: wessam | ||
| 650 | 0 |
_aFixed-income securities _xMathematical models. |
|
| 650 | 0 |
_aPortfolio management _xMathematical models. |
|
| 650 | 0 |
_aBonds _xMathematical models. |
|
| 650 | 0 |
_aHedging (Finance) _xMathematical models. |
|
| 700 | 1 | _aPriaulet, Philippe. | |
| 700 | 1 | _aPriaulet, SteÌ?phane. | |
| 856 | 4 | 2 |
_3Contributor biographical information _uhttp://www.loc.gov/catdir/bios/wiley046/2003041167.html |
| 856 | 4 | 2 |
_3Table of contents _uhttp://www.loc.gov/catdir/toc/wiley041/2003041167.html |
| 856 | 4 | 2 |
_3Publisher description _uhttp://www.loc.gov/catdir/description/wiley039/2003041167.html |
| 942 |
_cBB _k332.632044MAR |
||
| 999 |
_c5305 _d5305 |
||